Arya Stark's Kill List Quiz Stats

 Plays Quiz Updated Sep 20, 2017

Challenge
Share
Tweet
Embed
Score 0/13 Timer 04:00
3 Plays Today
Name % Correct
Queen Cersei
95.1%
The Hound
93.8%
King Joffrey
92.3%
Ser Gregor
80.3%
Ser Ilyn
64.6%
The Tickler
56.9%
Ser Meryn
43.2%
Polliver
40.2%
Raff the Sweetling
34.3%
Weese
19.8%
Ser Amory
19.3%
Dunsen
19%
Chiswyck
14%

You're not logged in!

Compare scores with friends on all Sporcle quizzes.
OR
Log In

You Might Also Like...

Show Comments

Extras

Top Quizzes Today


Score Distribution

Your Account Isn't Verified!

In order to create a playlist on Sporcle, you need to verify the email address you used during registration. Go to your Sporcle Settings to finish the process.

Report this User

Report this user for behavior that violates our Community Guidelines.

Details: